005250000a22001450004500090001700000245015200017041001300169700003100182700003600213700003000249100003100279942001300310773003900323999001700362 aASbSeriadas10aTemporal and vertical variations in phytoplankton community structure and its relation to some morphometric parameters of four colombian reservoirs0 aInglés1 aBicudo, C. E. de M.9993721 aRoldán Pérez, Gabriel920821 aGarcía L., L. C.9993731 aRamírez R., J. J.999374 cARTICULO1 tCaldasia345h1q108-126d2000g22 c14806d14806